00465nam a22001457a 4500008004100000041000800041082002300049110003500072245009900107260005400206300001000260650002300270942000700293999001900300231120b |||||||| |||| 00| 0 eng d aeng 223a615.85305bDEE aDeepati, Vara Prasad 9205269 aHerald of Health January to December 2020, February to December 2021& January to February 2022 aPunebOriental Watchman Publishing Housec2020-22 a754P. aNursing Foundation cBV c356570d356570